Accesorios con semilla (Registro nro. 2750)
[ vista simple ]
| 000 -CABECERA | |
|---|---|
| Longitud fija campo de control | 00918nam a2200313Ia 4500 |
| 005 - • FECHA Y HORA DE LA ÚLTIMA TRANSACCIÓN | |
| Fecha y hora de la última transacción | 20220316235948.0 |
| 008 - • CÓDIGOS DE INFORMACIÓN DE LONGITUD FIJA | |
| Códigos de información de longitud fija | 141017s9999 ck 000 0 spa d |
| 020 ## - • NÚMERO INTERNACIONAL NORMALIZADO PARA LIBROS | |
| Número Internacional Normalizado para Libros (ISBN) | 9583010766 |
| 041 ## - • CÓDIGO DE LENGUA | |
| Código de lengua del texto/banda sonora o título independiente | spa |
| 082 04 - • NÚMERO DE LA CLASIFICACIÓN DECIMAL DEWEY | |
| Número de clasificación (R) | 745.1028 |
| Número del ítem | A11e |
| 040 ## - FUENTE DE LA CATALOGACIÓN | |
| Centro catalogador de origen | CO-BoRNBP |
| Lengua de catalogación | spa |
| Normas de descripción | rda |
| Centro transcriptor | CO-BoRNBP |
| 245 10 - • TITULO PROPIAMENTE DICHO | |
| Título | Accesorios con semilla |
| 246 ## - • VARIANTES DE TÍTULO | |
| Título propio / Título en breve | Juguetes de madera |
| 250 ## - • MENCIÓN DE EDICIÓN | |
| Mención de edición | 1a. edición |
| 264 ## - PRODUCCIÓN, PUBLICACIÓN , DISTRIBUCIÓN, FABRICACIÓN Y COPYRIGHT | |
| Lugar de producción, publicación, distribución, fabricación | Bogotá |
| Nombre del productor, editor, distribuidor, fabricante | Panamericana |
| Fecha de de producción, publicación, distribución, fabricación o copyright | 2003 |
| 300 ## - • DESCRIPCIÓN FÍSICA | |
| Extensión | 18 páginas |
| Otras características físicas | ilustraciones |
| Dimensiones | 28 c.m. |
| 336 ## - TIPO DE CONTENIDO | |
| Término de tipo de contenido | texto |
| Código de tipo de contenido | txt |
| Fuente | rdacontent |
| 337 ## - TIPO DE MEDIO | |
| Nombre del tipo de medio | sin mediación |
| Código del tipo de medio | n |
| Fuente | rdamedia |
| 338 ## - TIPO DE SOPORTE | |
| Nombre del tipo de soporte | volumen |
| Código del tipo de soporte | nc |
| Fuente | rdacarrier |
| 490 ## - • MENCIÓN DE SERIE | |
| Mención de serie | Manos maestras |
| 650 14 - • PUNTO DE ACCESO ADICIONAL DE MATERIA - TÉRMINO DE MATERIA | |
| Fuente del encabezamiento o término | LEMB |
| Término de materia o nombre geográfico como elemento inicial | Cofección de joyas |
| 650 14 - • PUNTO DE ACCESO ADICIONAL DE MATERIA - TÉRMINO DE MATERIA | |
| Fuente del encabezamiento o término | LEMB |
| Término de materia o nombre geográfico como elemento inicial | Juguetería artesal |
| 650 14 - • PUNTO DE ACCESO ADICIONAL DE MATERIA - TÉRMINO DE MATERIA | |
| Fuente del encabezamiento o término | LEMB |
| Término de materia o nombre geográfico como elemento inicial | Trabajos manuales |
| 650 14 - • PUNTO DE ACCESO ADICIONAL DE MATERIA - TÉRMINO DE MATERIA | |
| Fuente del encabezamiento o término | LEMB |
| Término de materia o nombre geográfico como elemento inicial | Manualidades |
| 650 14 - • PUNTO DE ACCESO ADICIONAL DE MATERIA - TÉRMINO DE MATERIA | |
| Fuente del encabezamiento o término | LEMB |
| Término de materia o nombre geográfico como elemento inicial | Diseño y construcción |
| 700 1# - • PUNTO DE ACCESO ADICIONAL - NOMBRE DE PERSONA | |
| Nombre de persona | Quintero Ovalle, Sandra |
| 700 1# - • PUNTO DE ACCESO ADICIONAL - NOMBRE DE PERSONA | |
| Nombre de persona | González, Jorge H. |
| 942 ## - ENTRADA DE ELEMENTOS AGREGADOS (KOHA) | |
| Fuente de clasificaión o esquema | Dewey Decimal Classification |
| Koha [por defecto] tipo de item | LIbro |
| Perdido | Fuente de clasificación o esquema | Estado Físico | No para préstamo | Forma de adquisición | Localización permanente | Localización actual | Localización en estanterías | Fecha adquisición | Préstamos totales | Signatura completa | Código de barras | Fecha última consulta | Número de copia | Fecha del precio de reemplazo | Tipo de item de Koha |
|---|---|---|---|---|---|---|---|---|---|---|---|---|---|---|---|
| Dewey Decimal Classification | Colección General | Biblioteca Pública Cubarral | Biblioteca Pública Cubarral | General | 08/11/2023 | 745.1028 A11e | CUB02917 | 08/11/2023 | Ej.1 | 08/11/2023 | LIbro | ||||
| Dewey Decimal Classification | Colección General | Biblioteca Pública José Eustasio Rivera - San Martin | Biblioteca Pública José Eustasio Rivera - San Martin | General | 08/17/2023 | 745.1028 A11e | SM002335 | 08/17/2023 | Ej.1 | 08/17/2023 | LIbro | ||||
| Dewey Decimal Classification | Colección General | Biblioteca Pública Puerto Lleras | Biblioteca Pública Puerto Lleras | General | 07/02/2025 | 745.1028 A11e | PLL02240 | 07/02/2025 | Ej.1 | 07/02/2025 | LIbro | ||||
| Dewey Decimal Classification | Colección General | Biblioteca Pública El Castillo - Alfonso Meneses | Biblioteca Pública El Castillo - Alfonso Meneses | General | 09/18/2023 | 745.1028 A11e | EC01520 | 09/18/2023 | Ej.1 | 09/18/2023 | LIbro | ||||
| Dewey Decimal Classification | Colección General | Biblioteca Pública Barranca de Upia - María Dolores Herrera | Biblioteca Pública Barranca de Upia - María Dolores Herrera | General | 07/14/2025 | 745.1028 A11e | BUP1874 | 07/14/2025 | Ej.1 | 07/14/2025 | LIbro | ||||
| Dewey Decimal Classification | Colección General | Biblioteca Pública Guamal | Biblioteca Pública Guamal | General | 03/28/2023 | 745.1028 A11e | GUA002795 | 03/28/2023 | Ej.1 | 03/28/2023 | LIbro | ||||
| Dewey Decimal Classification | Colección General | Biblioteca Pública Mapiripan | Biblioteca Pública Mapiripan | General | 01/09/2024 | 745.1028 Q83a | MAP0000894 | 01/09/2024 | Ej.1 | 01/09/2024 | LIbro | ||||
| Clasificación Local Facetada | Colección General | Biblioteca Pública Puerto Concordia | Biblioteca Pública Puerto Concordia | General | 02/23/2026 | 745.1028 Q83A | PCON02234 | 02/23/2026 | Ej.1 | 02/23/2026 | LIbro | ||||
| Dewey Decimal Classification | Colección General | Biblioteca Pública Uribe - Reinerio Arenas | Biblioteca Pública Uribe - Reinerio Arenas | General | 08/14/2024 | 745.1028 Q83a | URI00941 | 08/14/2024 | Ej.1 | 08/14/2024 | LIbro |